| 000 | 00684nam a22002177a 4500 | ||
|---|---|---|---|
| 003 | OSt | ||
| 005 | 20260210012046.0 | ||
| 008 | 260210b |||||||| |||| 00| 0 eng d | ||
| 020 | _a978-971-07-4024-2 | ||
| 040 |
_aDWCL - Main Lib. _cOC |
||
| 082 | _aFil. 700 L784 2017 | ||
| 100 |
_aSumera, Pamela Rose S. _eAuthor |
||
| 245 | _aLiving with music, arts, physical education and health 9 | ||
| 260 |
_aQuezon City, Philippines; _bVibal Group, _cc2017 |
||
| 300 |
_aviii, 502 pages: _bcolored illustrations; _c26 cm. |
||
| 504 | _aIncludes glossary and bibliography. | ||
| 650 | _a1. Arts. | ||
| 650 | _a2. Music. | ||
| 650 | _a3. Physical education. | ||
| 942 |
_2ddc _cBK-FIL _n0 |
||
| 999 |
_c8317 _d8317 |
||